Central Library OPAC University of Rajshahi

On war / (Record no. 48717)

MARC details
000 -LEADER
fixed length control field 00781nam a2200241 a 4500
001 - CONTROL NUMBER
control field 48717
003 - CONTROL NUMBER IDENTIFIER
rucl marc code BD-RjUL
005 - DATE AND TIME OF LATEST TRANSACTION
control field 20211209054555.0
008 - FIXED-LENGTH DATA ELEMENTS--GENERAL INFORMATION
fixed length control field 160816m19761832nyu b 001 0 eng
035 ## - SYSTEM CONTROL NUMBER
System control number (BD-RjUL)48836
040 ## - CATALOGING SOURCE
Original cataloging agency BD-RjUL
Language of cataloging eng
Transcribing agency BD-RjUL
Modifying agency BD-RjUL
041 ## - LANGUAGE CODE
Language code of text/sound track or separate title eng
082 ## - DEWEY DECIMAL CLASSIFICATION NUMBER
Edition number 23
Classification number 355.02
Author mark and year CLO 1976
100 ## - MAIN ENTRY--PERSONAL NAME
Personal name Clausewitz, Carl Von
9 (RLIN) 147017
245 10 - TITLE STATEMENT
Title On war /
Statement of responsibility, etc. Carl Von Clausewitz ; Anatol Rapoport
260 ## - PUBLICATION, DISTRIBUTION, ETC. (IMPRINT)
Place of publication, distribution, etc. New York :
Name of publisher, distributor, etc. Penguin Book,
Date of publication, distribution, etc. 1832, [Reprinted 1976]
300 ## - PHYSICAL DESCRIPTION
Pagination 460 p. ;
Size 24 cm.
504 ## - BIBLIOGRAPHY, ETC. NOTE
Bibliography, etc Includes bibliographical references and indexes.
650 #0 - SUBJECT ADDED ENTRY--TOPICAL TERM
Topical term or geographic name as entry element Military art and science.
General subdivision HISTORY -- Military -- Other.
9 (RLIN) 147018
Topical term or geographic name as entry element International relations.
9 (RLIN) 147019
700 ## - ADDED ENTRY--PERSONAL NAME
Personal name Rapoport, Anatol
942 ## - ADDED ENTRY ELEMENTS (KOHA)
Source of classification or shelving scheme Dewey Decimal Classification
Koha item type Books
Holdings
Lost status Source of classification or shelving scheme Damaged status Not for loan Collection code Permanent Location Current Location Shelving location Date acquired Source of acquisition Cost, normal purchase price Total Checkouts Full call number Date last seen Copy number Koha item type
  Dewey Decimal Classification     Non-fiction Central Library, University of Rajshahi Central Library, University of Rajshahi   11/05/1977 Zeithinger 1.00   355.02 CLO 1976 16/08/2016 C-2 Books
  Dewey Decimal Classification     Non-fiction Central Library, University of Rajshahi Central Library, University of Rajshahi   11/05/1977 Zeithinger 1.00   355.02 CLO 1976 16/08/2016 C-3 Books
  Dewey Decimal Classification     Non-fiction Central Library, University of Rajshahi Central Library, University of Rajshahi   11/05/1977 Zeithinger 1.00   355.02 CLO 1976 16/08/2016 C-4 Books
  Dewey Decimal Classification     Non-fiction Central Library, University of Rajshahi Central Library, University of Rajshahi   11/05/1977 Zeithinger 1.00   355.02 CLO 1976 16/08/2016 C-5 Books
  Dewey Decimal Classification   Not For Loan Non-fiction Central Library, University of Rajshahi Central Library, University of Rajshahi Reading Room 11/05/1977 Zeithinger 1.00   355.02 CLO 1971 16/08/2016 C-1 Books
  Dewey Decimal Classification     Non-fiction Central Library, University of Rajshahi Central Library, University of Rajshahi   11/05/1977 Zeithinger 1.00   355.02 CLO 1976 16/08/2016 C-7 Books
  Dewey Decimal Classification     Non-fiction Central Library, University of Rajshahi Central Library, University of Rajshahi   11/05/1977 Zeithinger 1.00   355.02 CLO 1976 16/08/2016 C-8 Books
  Dewey Decimal Classification     Non-fiction Central Library, University of Rajshahi Central Library, University of Rajshahi   11/05/1977 Zeithinger 1.00   355.02 CLO 1976 16/08/2016 C-9 Books